Statistics for Finnish Presidents

Click here to take the quiz!

General Stats

  • This quiz has been taken 1,156 times
  • The average score is 10 of 12

Answer Stats

Answer% Correct
2012 -Sauli Niinistö
98%
2000 - 2012Tarja Halonen
97%
1956 - 1982Urho Kekkonen
95%
1944 - 1946C. G. E. Mannerheim
94%
1994 - 2000Martti Ahtisaari
88%
1982 - 1994Mauno Koivisto
86%
1940 - 1944Risto Ryti
84%
1919 -1925K. J. Ståhlberg
74%
1931 - 1937P. E. Svinhufvud
74%
1937 - 1940Kyösti Kallio
73%
1946 - 1956J. K. Paasikivi
71%
1925 - 1931Lauri K. Relander
68%

Score Distribution

Percentile by Number Answered

Percent of People with Each Score

Your Score History

You have not taken this quiz